| 000 | 00651nam a22002057a 4500 | ||
|---|---|---|---|
| 003 | NUST | ||
| 005 | 20240718162741.0 | ||
| 008 | 190726b ||||| |||| 00| 0 eng d | ||
| 038 | _aMr. Noman | ||
| 082 | _a200 | ||
| 100 |
_aPerwaiz, Aqib _918596 |
||
| 245 |
_aOptimized Implementation Across Slice Fabric on FPGA / _cAqib Perwaiz. |
||
| 260 |
_aRawalpindi: _bCEME - NUST, _c2013. |
||
| 300 |
_axiii, 80 p.: ill.; _c30cm. |
||
| 500 | _aHardcover. | ||
| 650 |
_aPh.D Thesis-Computer Engineering _9124604 |
||
| 700 |
_aSupervisor:Dr. Shoab Ahmed Khan. _916053 |
||
| 856 | _u http://10.250.8.41:8080/xmlui/handle/123456789/26253 | ||
| 942 |
_2ddc _cSC |
||
| 999 |
_c527376 _d527376 |
||